Management des achats et de la supply chain

Salvato in:
Dettagli Bibliografici
Autore principale: Sauvage, Thierry
Altri autori: Doriol, David
Natura: Libro
Lingua:francese
Pubblicazione: Paris Vuibert 2010
Serie:Collection Gestion
Soggetti:
Tags: Aggiungi Tag
Nessun Tag, puoi essere il primo ad aggiungerne!!

MARC

LEADER 00000nam a2200000 4500
001 0124870
005 20231215113632.2
020 |a 978-2-7117-7399-2 
041 0 |a fre 
044 |a FR 
245 1 0 |a Management des achats et de la supply chain  |c Thierry Sauvage, David Doriol 
264 1 |a Paris  |b Vuibert  |c 2010 
300 |a 423 s. 
490 1 |a Collection Gestion 
830 0 |a Collection Gestion 
610 2 0 |a riadenie zásob 
610 2 0 |a zásobovanie 
610 2 0 |a logistika 
610 2 0 |a logistika distribučná 
610 2 0 |a logistika obchodná 
100 1 |a Sauvage, Thierry 
700 1 |a Doriol, David